000 00708nam a22002177a 4500
003 OSt
005 20150408114132.0
008 011227s2001 enka || 001 ||eng
020 _a9780521003865
040 _aMa_ua
082 _221
_a401.9
_bCSC
245 _aCognition and second language instruction / .
_cedited by Peter Robinson
260 _aCambridge :
_bCambridge University Press,
_c2001
300 _ax, 453 p :
_bill. ;
_c24 cm
490 _aThe Cambridge applied linguistics series
504 _aIncludes bibliographical references and index.
650 _aPsycholinguistics.
_98211
650 _aSecond language acquisition
700 _aRobinson, Peter,
_d1956
_935630
942 _2ddc
_cBOOK
999 _c29866
_d264366